| 000 | 01821nam a2200445 i 4500 | ||
|---|---|---|---|
| 001 | DIGITESO0108 | ||
| 003 | NyNyDIG | ||
| 008 | 210618s2019 mx ob 000 0 spa d | ||
| 006 | m o d | ||
| 007 | cr ||||||||||| | ||
| 035 | _a(OCoLC)1156372003 | ||
| 040 |
_aDGITA _beng _erda _epn _cDGITA |
||
| 020 |
_a9786078616787 _qeBook _qePub |
||
| 020 |
_a9786078616770 _qeBook _qpdf |
||
| 020 | _z9786078616763 | ||
| 050 | 1 | 4 | _aJZ1242 ebook |
| 245 | 0 | 0 |
_aTensiones y transiciones en las relaciones internacionales : _bun análisis interdisciplinario / _cAdriana González Arias, Carlos Alejandro Cordero García, Pablo Calderón Martínez, coordinadores. |
| 250 | _a1a. edición. | ||
| 264 | 1 |
_aGuadalajara : _bITESO, Universidad Jesuita de Guadalajara, _c2019. |
|
| 300 | _a1 online resource. | ||
| 336 |
_atext _btxt _2rdacontent |
||
| 337 |
_acomputer _bc _2rdamedia |
||
| 338 |
_aonline resource _bcr _2rdacarrier |
||
| 347 |
_atext file _2rdaft |
||
| 347 | _bEPUB | ||
| 347 | _bPDF | ||
| 504 | _aIncludes bibliographical references. | ||
| 588 | 0 | _aOnline resource; title from ePub title page (Digitalia, viewed June 18, 2021) | |
| 650 | 0 | _aInternational relations. | |
| 655 | 0 | _aElectronic books. | |
| 700 | 1 |
_aGonzález Arias, Adriana, _eeditor. |
|
| 700 | 1 |
_aGarcia Cordero, Carlos, _d1985- _eeditor. |
|
| 700 | 1 |
_aCalderón Martínez, Pablo, _eeditor. |
|
| 776 | 0 | 8 |
_iPrint version: _tTensiones y transiciones en las relaciones internacionales. _b1a. edición. _dGuadalajara : ITESO, Universidad Jesuita de Guadalajara, 2019 _z9786078616763 _w(OCoLC)1243898991 |
| 791 | 2 |
_aDigitalia (Firm), _edistributor. |
|
| 793 | 0 |
_gDigitalia eBook Collection: _aITESO |
|
| 856 | 4 | 0 |
_3Digitalia Hispánica _uhttps://www.digitaliapublishing.com/a/68872/ |
| 910 | _aPremium Collection: 2021 | ||
| 942 | _cRAA | ||
| 999 |
_c262782 _d262782 |
||